<?xml version="1.0" encoding="UTF-8"?>
<record
    xmlns:xsi="http://www.w3.org/2001/XMLSchema-instance"
    xsi:schemaLocation="http://www.loc.gov/MARC21/slim http://www.loc.gov/standards/marcxml/schema/MARC21slim.xsd"
    xmlns="http://www.loc.gov/MARC21/slim">

  <leader>00551    a2200181   4500</leader>
  <controlfield tag="005">20250108152117.0</controlfield>
  <datafield tag="010" ind1=" " ind2=" ">
    <subfield code="a">ENG-143231</subfield>
  </datafield>
  <datafield tag="020" ind1=" " ind2=" ">
    <subfield code="a">9781938409226</subfield>
    <subfield code="c">3947.00</subfield>
  </datafield>
  <datafield tag="035" ind1=" " ind2=" ">
    <subfield code="a">EN-126763</subfield>
  </datafield>
  <datafield tag="037" ind1=" " ind2=" ">
    <subfield code="b">DBAD</subfield>
  </datafield>
  <datafield tag="082" ind1=" " ind2=" ">
    <subfield code="a">320.95895</subfield>
  </datafield>
  <datafield tag="100" ind1=" " ind2=" ">
    <subfield code="a">Robert, Lee Victor </subfield>
    <subfield code="9">76112</subfield>
  </datafield>
  <datafield tag="245" ind1=" " ind2=" ">
    <subfield code="a">Performance Anomalies/</subfield>
    <subfield code="c">By Lee Victor Robert</subfield>
  </datafield>
  <datafield tag="260" ind1=" " ind2=" ">
    <subfield code="a">United States of America</subfield>
    <subfield code="b">Perimeter Six</subfield>
    <subfield code="c">2012</subfield>
  </datafield>
  <datafield tag="270" ind1=" " ind2=" ">
    <subfield code="a">Library Of Congress</subfield>
    <subfield code="b">United States of America</subfield>
  </datafield>
  <datafield tag="300" ind1=" " ind2=" ">
    <subfield code="a">278p.</subfield>
    <subfield code="c">24cm(hb)</subfield>
  </datafield>
  <datafield tag="942" ind1=" " ind2=" ">
    <subfield code="a">dpl</subfield>
    <subfield code="c">EN</subfield>
    <subfield code="2">ddc</subfield>
    <subfield code="h">320.95895</subfield>
    <subfield code="m">LEE</subfield>
  </datafield>
  <datafield tag="999" ind1=" " ind2=" ">
    <subfield code="c">208212</subfield>
    <subfield code="d">208212</subfield>
  </datafield>
  <datafield tag="952" ind1=" " ind2=" ">
    <subfield code="0">0</subfield>
    <subfield code="1">0</subfield>
    <subfield code="4">0</subfield>
    <subfield code="7">0</subfield>
    <subfield code="8">NFIC</subfield>
    <subfield code="a">AV</subfield>
    <subfield code="b">AV</subfield>
    <subfield code="d">2025-01-08</subfield>
    <subfield code="e">Delivery of Books Division</subfield>
    <subfield code="g">3947.00</subfield>
    <subfield code="l">0</subfield>
    <subfield code="o">320.95895 LEE</subfield>
    <subfield code="p">EN-126763</subfield>
    <subfield code="r">2025-01-08 00:00:00</subfield>
    <subfield code="t">1</subfield>
    <subfield code="v">3947.00</subfield>
    <subfield code="w">2025-01-08</subfield>
    <subfield code="y">EN</subfield>
  </datafield>
</record>
